000 01773nam a2200313 i 4500
001 177815
003 ES-MaACL
005 20250809180109.0
008 110428s2003 sp ao |||| | spa d
017 _aM-8420-2003
020 _a8445124072
080 _a7.025.4(460.27)(083.824)
080 _a903/4(460.27)(060.64)
245 0 0 _aConservar y restaurar :
_bcuatro años de actuaciones en el patrimonio histórico de la Comunidad de Madrid : [exposición]
260 _aMadrid :
_bDirección General del Patrimonio Histórico,
_c[2003]
300 _a288 páginas :
_bprincipalmente ilustraciones (color), mapa ;
_c28 x 24 cm
_e
520 _aCatálogo de la exposición celebrada en la Real Academia de Bellas Artes de San Fernando, en la que se exhibieron los recursos utilizados y los resultados obtenidos en algunas de las intervenciones realizadas desde la Dirección General de Patrimonio Histórico con objeto de conservar el patrimonio de la región
530 _aDisponible en formato digital
650 7 _aObras de arte-
_xRestauración-
_zMadrid (Comunidad Autónoma)-
_vExposiciones
_9161738
651 7 _aMadrid (Comunidad Autónoma)-
_xRestos arqueológicos-
_vExposiciones
_9161736
655 7 _aCatálogos de exposiciones
_2tgfbne
_9193628
710 1 _aMadrid (Comunidad Autónoma).
_bDirección General de Patrimonio Histórico
_eedt
_9161737
852 4 _aES-MaACL
_bR.145533
_cDEPO1
_dOlim:N-4110
_hDonación Comunidad de Madrid
_jA-11105
856 4 _uhttps://gestiona3.madrid.org/bvirtual/BVCM002187.pdf
_yVersión en línea
_z(PublicaMadrid)
856 4 _uhttps://gestiona3.madrid.org/bvirtual/BVCM010799.pdf
_yVersión en línea: Guía
942 _2udc
_cMONOGRAFIA
_n0
999 _c177815
_d177815